Vowel Capital Cities - Sudden Death - Statistics

General Stats
  • This quiz has been taken 108 times
  • The average score is 11 of 15
Answers on the Grid
Answers color-coded by a green-red scale on the quiz's grid according to % correct below.
Afghanistan
Algeria
Andorra
Argentina
Austria
Azerbaijan
Bahrain
Burkina Faso
Canada
Croatia
Cyprus
Ecuador
Egypt
Ethiopia
France
Gabon
Germany
Ghana
Iceland
India
Indonesia
Iran
Iraq
Jamaica
Kosovo
Laos
Madagascar
Maldives
Mongolia
Namibia
Netherlands
Norway
Pakistan
Paraguay
Qatar
Samoa
Seychelles
Somalia
South Africa
Thailand
Turkey
United Arab Emirates
United Kingdom
United States
Vietnam
 
Answer Stats
Answer % Correct
Algeria
96%
Andorra
95%
Canada
93%
Turkey
81%
Norway
79%
Netherlands
75%
Mongolia
73%
Ethiopia
72%
Pakistan
69%
United Arab Emirates
67%
Burkina Faso
64%
Madagascar
64%
Ghana
63%
Paraguay
59%
Samoa
49%
No matching quizzes found
Score Distribution
Percent of People with Each Score
Percentile by Number Answered
Your Score History
You have not taken this quiz